| 000 | 01516nam a2200421 c 4500 | ||
|---|---|---|---|
| 001 | 53819 | ||
| 003 | ES-MaCES | ||
| 005 | 20250729125928.0 | ||
| 008 | 250728s2025 sp 000 | spa d | ||
| 017 |
_aM 6624-2025 _bDL |
||
| 020 | _a9788410672604 | ||
| 040 |
_aES-MaCES _bspa _cES-MaCES |
||
| 100 | 1 |
_941439 _aGarcía García, Emilio |
|
| 245 | 1 | 0 |
_aChips y poder _b: una batalla global por controlar la tecnología del futuro _cEmilio García García y Marimar Jiménez Páez |
| 260 |
_aMadrid _bLos Libros de la Catarata _c2025 |
||
| 300 |
_a237 p. _c22 cm |
||
| 490 | 1 |
_aLos Libros de la Catarata _v1039 |
|
| 541 | _cCompra | ||
| 650 | 4 |
_amicroelectrónica _929513 |
|
| 650 | 4 |
_aequipo electrónico _927871 |
|
| 650 | 4 |
_aindustria electrónica _927865 |
|
| 650 | 4 |
_aindustria de las computadoras _930431 |
|
| 650 | 4 |
_aindustria de alta tecnología _930473 |
|
| 650 | 4 |
_aevaluación del impacto _930732 |
|
| 650 | 4 |
_ainteligencia artificial _930166 |
|
| 650 | 4 |
_acambio tecnológico _928236 |
|
| 650 | 4 |
_apoder político _927200 |
|
| 650 | 4 |
_agrupo de intereses _927235 |
|
| 650 | 4 |
_anuevo orden económico internacional _929223 |
|
| 650 | 4 |
_ageografía política _928776 |
|
| 650 | 4 |
_ageografía económica _928772 |
|
| 653 | 1 | 0 | _aCiencias Sociales-Políticas |
| 700 | 1 |
_941440 _aJiménez Páez, Marimar |
|
| 787 | 0 |
_tApogeo y declive de la Globalización. V. II _w(ES-MaCES)52430 |
|
| 830 | 4 |
_932187 _aLos libros de la Catarata _v1039 |
|
| 902 | _aLIB Libro | ||
| 942 |
_2CES _cBK _h7.0. |
||
| 999 |
_c53819 _d53819 |
||